000 00875nam a22002777a 4500
001 BR7200674
003 BR-BrBNA
005 20230928083808.0
007 ta
008 230509b bl.||||| |||| 00| 0 por d
040 _aBR-BrBNA
_bpor
_cBiblioteca Nacional de Agricultura
041 _a(Por)
072 _aP05; F23
_b/G514
090 _ P05 BR7200674
100 1 _aLeprevost, A.
110 1 _aCompanhia Paranaense de Energia Eletrica, Curitiba, PR (Brasil)
_92483
245 1 _aCarvao de pedra no Parana [carvao mineral, jazida, mineracao, Brasil]
260 3 _aCuritiba, PR (Brasil):
_c1972.
300 _a73 p.
500 _a16 ref.; 16 tables. (*) Documento disponível na(o) Biblioteca Publica do Parana, Curitiba (Brazil)
650 _aCARVAO MINERAL
650 _aMINERALOGIA
650 _aPARANA
909 _a202309
_bLucia
_c55
_dLucia Elande
942 _cBK
999 _c15273
_d15273